Monitoring strategies in environmental management and assessment : National Workshop 28 November - 1 December, 1988

Bibliographic Details
Corporate Authors: NATIONAL Workshop on Monitoring Strategies in Environmental Management and Assessment, The British Council, Universiti Kebangsaan Malaysia, University of London
Other Authors: M. Ahmad Badri, Mazlan Othman, SHAM Sani
Format: Book
Published: Bangi, Selangor : Penerbit UKM , 1991
Series:Collection of working papers; Universiti Kebangsaan Malaysia .13
Subjects:

MARC

LEADER 00000cam a2200000 7i4500
001 0000000708
005 20020306.0
020 0 0 |a 9679421821 
090 0 0 |a 363.7   |b NAT 1990 
110 1 0 |a NATIONAL Workshop on Monitoring Strategies in Environmental Management and Assessment   |k 1988   |j Bangi, Selangor 
245 1 0 |a Monitoring strategies in environmental management and assessment :   |b National Workshop 28 November - 1 December, 1988   |c edited by Sham Sani, Mazlan Othman, M. Ahmad Badri 
260 0 0 |a Bangi, Selangor :   |b Penerbit UKM ,   |c 1991 
300 |a 175 p. :   |b ill. ;   |c 26 cm. 
440 0 0 |a Collection of working papers; Universiti Kebangsaan Malaysia   |v .13 
500 0 0 |a Includes bibliograpical references 
650 0 0 |a Environmental impact analysis   |x Congresses 
650 0 0 |a Environmental monitoring   |x Congresses 
650 0 0 |a Pollution   |x Measurement   |x Congresses 
700 0 1 |a M. Ahmad Badri 
700 0 1 |a Mazlan Othman 
700 0 1 |a SHAM Sani 
710 1 1 |a The British Council 
710 1 1 |a Universiti Kebangsaan Malaysia 
710 1 1 |a University of London ,   |c Monitoring and Assessment Research Centre 
998 |a JPSM 
999 |a 0000000296   |b Monograph   |c Open Shelf   |e Default branch